[Event "FIDE World Cup"]
[Site "Krasnaya Polyana"]
[Date "2021.07.27"]
[Round "5.6"]
[White "Esipenko, Andrey"]
[Black "Carlsen, Magnus"]
[Result "1-0"]
[WhiteElo "2716"]
[BlackElo "2847"]
[PlyCount "127"]
[EventDate "2021.07.12"]
[EventType "k.o."]
[EventRounds "8"]
[EventCountry "RUS"]
[SourceTitle "CBM 203"]
[Source "ChessBase"]
[SourceDate "2021.08.31"]
[SourceVersion "1"]
[SourceVersionDate "2021.08.31"]
[SourceQuality "1"]

1. e4 e5 2. Nf3 Nc6 3. Bc4 Bc5 4. c3 Nf6 5. d3 d6 6. O-O h6 7. Re1 O-O 8. h3 Bb6 9. Nbd2 Ne7 10. a4 c6 11. d4 Ng6 12. Bf1 Re8 ({RR} 12... Bc7 13. b4 d5 14. exd5 exd4 15. c4 a5 16. dxc6 axb4 17. Bb2 bxc6 18. Nxd4 Bb7 19. g3 Ne5 20. N2b3 Nfd7 21. c5 Nf6 22. Qc2 Nd5 23. Bg2 Re8 24. Nf5 Nc3 25. Bxc3 bxc3 26. Qxc3 Ba6 27. f4 {Khubukshanov,E (2448)-Ivanov,O (2390) Moscow RUS 2025 1-0 (68)}) 13. Qc2 Bc7 14. b4 $146 ({RR} 14. dxe5 Nxe5 15. Nxe5 dxe5 16. Nc4 Be6 17. Rd1 Qe7 18. b3 Red8 19. Ba3 Qe8 20. Nd6 Bxd6 21. Bxd6 Bd5 22. exd5 Rxd6 23. dxc6 Qxc6 24. Bb5 Qe4 25. Bd3 Qc6 26. Bc4 Rad8 27. Rxd6 Qxd6 28. Qf5 Kf8 {Esipenko,A (2677)-Afanasiev,N (2533) Sochi RUS 2024 ½-½ (43)}) 14... Be6 15. Bb2 a5 16. b5 Bb6 17. Ba3 Qc7 18. Rab1 cxb5 19. Bxb5 Rec8 20. d5 Bd7 21. Bf1 Rab8 22. Nc4 Bc5 23. Bxc5 Qxc5 24. Rb6 Ne8 25. Reb1 Qc7 26. Qb3 Qd8 27. Qa3 Qf6 28. Nxd6 Nxd6 29. Rxd6 Qe7 30. Rbb6 f6 31. Qa1 Nh8 32. Bb5 Bxb5 33. Re6 Qc5 34. Rxb5 Qc4 35. Qe1 Nf7 36. Rxa5 Qxc3 37. Qxc3 Rxc3 38. Rb5 Rc4 39. a5 Rf8 40. Nh4 Nd8 41. Re7 Rf7 42. Re8+ Rf8 43. Rxf8+ Kxf8 44. f3 Rc7 45. Nf5 h5 46. Rb6 Ke8 47. g4 hxg4 48. hxg4 g6 49. Nh4 Rh7 50. Nxg6 Kf7 51. Rd6 Kxg6 52. Rxd8 Rc7 53. Kf2 Rc5 54. d6 Rc2+ 55. Kg3 Rd2 56. d7 Kf7 57. Rh8 Rxd7 58. Rh7+ Ke6 59. Rxd7 Kxd7 60. g5 fxg5 61. Kg4 Kc6 62. Kf5 Kb5 63. Kxe5 Kxa5 64. Kd6 1-0

[Event "FIDE World Cup"]
[Site "Krasnaya Polyana"]
[Date "2021.07.27"]
[Round "5.7"]
[White "Carlsen, Magnus"]
[Black "Esipenko, Andrey"]
[Result "1-0"]
[WhiteElo "2847"]
[BlackElo "2716"]
[PlyCount "123"]
[EventDate "2021.07.12"]
[EventType "k.o."]
[EventRounds "8"]
[EventCountry "RUS"]
[SourceTitle "CBM 203"]
[Source "ChessBase"]
[SourceDate "2021.08.31"]
[SourceVersion "1"]
[SourceVersionDate "2021.08.31"]
[SourceQuality "1"]

1. e4 e5 2. Nf3 Nc6 3. Bb5 Nf6 4. d3 d6 5. O-O a6 6. Bxc6+ bxc6 7. d4 exd4 8. Nxd4 c5 9. Nc6 Qd7 10. Na5 Qa4 11. Bd2 Bg4 ({RR} 11... Nxe4 12. Nc3 Nxc3 13. Bxc3 Be6 14. Qf3 d5 15. Rfe1 O-O-O 16. b3 Qb5 17. Bd2 Qb6 18. c4 Kb8 19. a3 g5 20. b4 g4 21. Qf6 Bd6 22. bxc5 Qxc5 23. Rab1+ Kc8 24. Nb7 Be7 25. Qb2 Qxa3 26. Qc2 {Grischuk,A (2766)-Kramnik,V (2792) Paris 2018 ½-½ (75)}) 12. f3 Be6 13. Bc3 $146 ({RR} 13. c4 Qxd1 14. Rxd1 Nd7 15. Nc3 Be7 16. Nd5 Bxd5 17. cxd5 O-O 18. g4 Bf6 19. Rab1 Rab8 20. b4 Ne5 21. Kg2 g5 22. Be1 cxb4 23. Bxb4 Rb5 24. Rb3 Rfb8 25. Bd2 Nd7 26. Rdb1 Kg7 27. Nc6 Ra8 {Adams,M (2696)-Dardha,D (2575) Chennai 2022 ½-½ (68)}) ({RR} 13. c4 Qxd1 14. Rxd1 Be7 15. Bc3 O-O 16. Nc6 Rfe8 17. Na3 Nd7 18. Nxe7+ Rxe7 19. Re1 f6 20. Rad1 Rb8 21. b3 Ne5 22. Kf2 Nc6 23. Rd2 Bf7 24. Nc2 a5 25. Na3 Nb4 26. Nb5 Be8 27. a3 Na6 {Cordoba Roa,A (2358)-Setumadhav,Y (2334) chess.com INT 2025 1-0 (50)}) 13... Be7 14. b3 Qd7 15. Nd2 d5 16. Qe1 O-O 17. Rd1 Rad8 18. Ndc4 Qe8 19. exd5 Nxd5 20. Bb2 Kh8 21. Qg3 f6 22. Rfe1 Qf7 23. Nc6 Rde8 24. Nxe7 Rxe7 25. Qf2 Rfe8 26. Qxc5 h5 27. Ba3 Rd7 28. Re4 Bf5 29. Rxe8+ Qxe8 30. Qf2 Nc3 31. Re1 Qg6 32. Ne3 Be6 33. Bb2 Nd5 34. Nxd5 Bxd5 35. Qe2 Kh7 36. Bc1 Bc6 37. Bf4 h4 38. h3 Qf5 39. Be3 Re7 40. Qd2 Qg6 41. Qf2 Kg8 42. Bd2 Rxe1+ 43. Bxe1 Bd7 44. Kh2 Bf5 45. c4 Bb1 46. Qa7 Bd3 47. Qxc7 Bf1 48. Qd8+ Kh7 49. Qd2 Qh5 50. Qc2+ Kg8 51. Qe4 Qg5 52. Qd5+ Qxd5 53. cxd5 g5 54. a4 Kf7 55. Bc3 Bd3 56. b4 Bc2 57. b5 axb5 58. axb5 Bb3 59. d6 Ke6 60. b6 Bd5 61. d7 Kxd7 62. Bxf6 1-0

[Event "FIDE World Cup"]
[Site "Krasnaya Polyana"]
[Date "2021.07.27"]
[Round "5.8"]
[White "Esipenko, Andrey"]
[Black "Carlsen, Magnus"]
[Result "0-1"]
[WhiteElo "2716"]
[BlackElo "2847"]
[PlyCount "86"]
[EventDate "2021.07.12"]
[EventType "k.o."]
[EventRounds "8"]
[EventCountry "RUS"]
[SourceTitle "CBM 203"]
[Source "ChessBase"]
[SourceDate "2021.08.31"]
[SourceVersion "1"]
[SourceVersionDate "2021.08.31"]
[SourceQuality "1"]

1. e4 e5 2. Nf3 Nc6 3. Bc4 Bc5 4. c3 Nf6 5. d3 d6 6. O-O h6 7. Re1 O-O 8. h3 a6 9. a4 Ba7 10. Nbd2 Re8 11. b4 Be6 12. Bxe6 Rxe6 13. Qc2 Qd7 14. Nf1 d5 ({RR} 14... Ne7 15. Ng3 c6 16. c4 Qc7 17. Bb2 a5 18. bxa5 Qxa5 19. Bc3 Qc7 20. a5 Nd7 21. Reb1 Rf6 22. Kh2 Ng6 23. Nf5 Nc5 24. g3 Re6 25. Kg2 Ree8 26. d4 Nxe4 27. Nxg7 Kxg7 28. Qxe4 d5 29. Qg4 {Oro,F (2465)-Anand,V (2743) Leon ESP 2025 ½-½ (52)}) 15. Be3 Bxe3 16. Nxe3 Ne7 17. Rab1 $146 ({RR} 17. a5 Ng6 18. g3 Rd8 19. Kg2 Qc6 20. Nf5 Ne7 21. Nxe7+ Rxe7 22. c4 dxe4 23. dxe4 Qe8 24. Rad1 c5 25. bxc5 Rc8 26. Nh4 Rxc5 27. Nf5 Rd7 28. Rxd7 Qxd7 29. Rd1 Qc7 30. Rd6 Rxc4 31. Qd3 Kh7 {Ding,L (2791)-Carlsen,M (2863) chess24.com INT 2020 1-0 (33)}) 17... Rd8 18. a5 Ng6 19. c4 c6 20. Red1 Nf4 21. Nf5 g6 22. Nxh6+ Kg7 23. Ng4 Nxg4 24. hxg4 Ree8 25. Nh2 Rh8 26. f3 dxe4 27. dxe4 Qe7 28. Rxd8 Qxd8 29. g3 Qd4+ 30. Kh1 Nd3 31. Qe2 Qxc4 32. Rd1 Rd8 33. Rf1 Qxb4 34. f4 exf4 35. gxf4 Qxa5 36. g5 Nc5 37. Qb2+ Kg8 38. Ng4 Nxe4 39. Nh6+ Kh7 40. Qh2 Rd2 41. Qh4 Kg7 42. f5 Qd5 43. f6+ Nxf6+ 0-1

[Event "FIDE World Cup"]
[Site "Krasnaya Polyana"]
[Date "2021.07.28"]
[Round "6.1"]
[White "Bacrot, Etienne"]
[Black "Carlsen, Magnus"]
[Result "0-1"]
[WhiteElo "2678"]
[BlackElo "2847"]
[PlyCount "88"]
[EventDate "2021.07.12"]
[EventType "k.o."]
[EventRounds "8"]
[EventCountry "RUS"]
[SourceTitle "CBM 203"]
[Source "ChessBase"]
[SourceDate "2021.08.31"]
[SourceVersion "1"]
[SourceVersionDate "2021.08.31"]
[SourceQuality "1"]

1. e4 e5 2. Nf3 Nc6 3. Bb5 a6 4. Ba4 Nf6 5. O-O Be7 6. Re1 b5 7. Bb3 O-O 8. a4 Bb7 9. d3 d6 10. Bd2 Qd7 11. Nc3 Na5 12. Ba2 c5 ({RR} 12... b4 13. Ne2 c5 14. Ng3 Rab8 15. Nh4 g6 16. Bh6 Rfe8 17. Nhf5 Bd8 18. Ng7 Rf8 19. h3 b3 20. Bxb3 Nxb3 21. cxb3 Bc6 22. Rc1 Kh8 23. Ne6 Qxe6 24. Bxf8 Ba5 25. Bh6 Bxe1 26. Qxe1 Rxb3 27. Qa5 {Caruana,F (2783)-Ding,L (2806) Madrid 2022 0-1 (78)}) 13. Ne2 Nc6 14. Ng3 d5 $146 ({RR} 14... g6 15. Bh6 Rfc8 16. h3 Nd8 17. c3 Ne6 18. d4 cxd4 19. cxd4 exd4 20. Nxd4 Nc5 21. Qf3 Ne6 22. Rad1 Nxd4 23. Rxd4 Rc7 24. Qf4 Qc6 25. Bg5 Kg7 26. Bxf6+ {1-0 (26) Matulovic,M-Mariotti,S Reggio Emilia 1967}) ({RR} 14... g6 15. h3 Nd8 16. Bh6 Re8 17. c3 Ne6 18. Qd2 bxa4 19. Bxe6 fxe6 20. d4 cxd4 21. cxd4 Qb5 22. Bg5 Rad8 23. h4 exd4 24. Nxd4 Qd7 25. h5 e5 26. Nf3 Qg4 27. hxg6 hxg6 28. Rxa4 Nh7 29. Bxe7 {Markidis,K (2288)-Knaak,R (2472) Paphos CYP 2025 1-0 (36)}) 15. exd5 Nxd5 16. c3 Rad8 17. axb5 axb5 18. Nxe5 Nxe5 19. Rxe5 Bd6 20. Re1 Nf4 21. Bxf4 Bxf4 22. Ne4 Qc7 23. g3 Be5 24. f4 Bd6 25. Qh5 Qc6 26. Qh3 c4 27. d4 Rde8 28. d5 Qxd5 29. Rad1 Rxe4 30. Rxd5 Rxe1+ 31. Kf2 Rfe8 32. Re5 Bxe5 33. Kxe1 Bxc3+ 34. Kf1 Bc8 35. Qg2 Bf5 36. Qd5 Be6 37. Qc5 Bxb2 38. Kg2 Bd7 39. Qd5 Rd8 40. Qc5 Bf6 41. Bb1 g6 42. g4 Bxg4 43. Qxb5 c3 44. f5 g5 0-1

[Event "FIDE World Cup"]
[Site "Krasnaya Polyana"]
[Date "2021.07.29"]
[Round "6.2"]
[White "Carlsen, Magnus"]
[Black "Bacrot, Etienne"]
[Result "1-0"]
[WhiteElo "2847"]
[BlackElo "2678"]
[PlyCount "77"]
[EventDate "2021.07.12"]
[EventType "k.o."]
[EventRounds "8"]
[EventCountry "RUS"]
[SourceTitle "CBM 203"]
[Source "ChessBase"]
[SourceDate "2021.08.31"]
[SourceVersion "1"]
[SourceVersionDate "2021.08.31"]
[SourceQuality "1"]

1. e4 c5 2. Nf3 d6 3. Bb5+ Bd7 4. Bxd7+ Qxd7 5. c4 e5 6. Nc3 Nc6 7. d3 f5 ({RR} 7... Be7 8. a3 Bd8 9. O-O Nge7 10. Rb1 O-O 11. b4 Ng6 12. Nd5 f5 13. exf5 Rxf5 14. Be3 b6 15. Nd2 Nce7 16. Nc3 Kh8 17. Nde4 cxb4 18. axb4 d5 19. cxd5 Nxd5 20. Nxd5 Qxd5 21. Qc2 Be7 22. Qc4 {So,W (2772)-Caruana,F (2791) Chess.com INT 2021 ½-½ (44)}) ({RR} 7... Be7 8. a3 Bd8 9. O-O Nge7 10. b4 O-O 11. bxc5 dxc5 12. Nd5 Ng6 13. Be3 b6 14. Nd2 f5 15. exf5 Qxf5 16. Ne4 Nf4 17. g3 Qg6 18. Kh1 Nxd5 19. cxd5 Ne7 20. d6 Nf5 21. Qb3+ Kh8 22. Qd5 {Kovalev,V (2661)-Carlsen,M (2876) Douglas 2019 ½-½ (47)}) 8. exf5 ({RR} 8. Nd5 fxe4 9. dxe4 Be7 10. O-O Nf6 11. Nxf6+ Bxf6 12. Be3 Rd8 13. Qd3 O-O 14. Rad1 Qe7 15. Kh1 Kh8 16. b3 g5 17. Ng1 g4 18. Ne2 Bh4 19. Nc3 Nd4 20. Nd5 Qg7 21. Bxd4 cxd4 22. Qe2 Rf7 {Dau Khuong Duy (2489)-Bacrot,E (2627) chess.com INT 2025 0-1 (54)}) 8... Qxf5 9. Ng5 $146 ({RR} 9. Nd5 O-O-O 10. a3 Nf6 11. Bg5 Nxd5 12. cxd5 Ne7 13. Bxe7 Bxe7 14. Qe2 g5 15. Qe4 Rhf8 16. Qxf5+ Rxf5 17. Nd2 Rf4 18. Ne4 Kd7 19. Rc1 b5 20. b3 Rc8 21. g3 Rf3 22. Ke2 g4 23. h3 h5 {Staechelin,R (2079)-Mueller,P (2092) Germany 2012 1-0 (56)}) 9... Be7 10. Nge4 Nf6 11. O-O O-O 12. f4 exf4 13. Bxf4 Nxe4 14. dxe4 Qg6 15. Nd5 Bg5 16. Qd3 Nd4 17. Bg3 Rxf1+ 18. Rxf1 Re8 19. Re1 h5 20. h3 Kh7 21. Bf2 Nc6 22. b3 Ne5 23. Qe2 Bh6 24. Kh2 Nc6 25. Qf3 Ne5 26. Qe2 Rf8 27. Bg3 Nc6 28. Rf1 Re8 29. Re1 Nd4 30. Qf2 b6 31. h4 Rxe4 32. Ne7 Rxe7 33. Rxe7 Nf5 34. Re2 Nd4 35. Re1 Qd3 36. Bf4 Nf5 37. Bxh6 Nxh6 38. Qf3 Ng4+ 39. Kg3 1-0

[Event "FIDE World Cup"]
[Site "Krasnaya Polyana"]
[Date "2021.08.02"]
[Round "7.2"]
[White "Duda, Jan Krzysztof"]
[Black "Carlsen, Magnus"]
[Result "1/2-1/2"]
[WhiteElo "2738"]
[BlackElo "2847"]
[PlyCount "129"]
[EventDate "2021.07.12"]
[EventType "k.o."]
[EventRounds "8"]
[EventCountry "RUS"]
[SourceTitle "CBM 203"]
[Source "ChessBase"]
[SourceDate "2021.08.31"]
[SourceVersion "1"]
[SourceVersionDate "2021.08.31"]
[SourceQuality "1"]

1. e4 e5 2. Nf3 Nc6 3. Bb5 a6 4. Ba4 Nf6 5. O-O Be7 6. Re1 b5 7. Bb3 O-O 8. a4 Rb8 9. c3 d5 10. exd5 Nxd5 11. axb5 axb5 12. Nxe5 Nxe5 13. Rxe5 c6 14. d4 Bd6 15. Re1 Qh4 16. g3 Qh3 17. Re4 g5 18. Qf1 $146 ({RR} 18. Bc2 f5 19. Re1 f4 20. Ra7 fxg3 21. fxg3 Bd7 22. Rxd7 Qxd7 23. Qh5 Rf7 24. Bxg5 Kh8 25. Nd2 Re8 26. Ne4 Qf5 27. Bd3 Qg6 28. Qxg6 hxg6 29. Kg2 Bc7 30. Ra1 Kg7 31. Ra6 Nb6 32. Ra7 Nd5 {Krutti,V (2415)-Felegyhazi,L (2350) Hajduszoboszlo 1995 1-0 (42)}) 18... Qxf1+ 19. Kxf1 Bf5 20. Nd2 Bxe4 21. Nxe4 Be7 22. Bxg5 Bxg5 23. Nxg5 Ra8 24. Rd1 Nb6 25. Re1 Nc4 26. Bxc4 bxc4 27. Nf3 Rfb8 28. Ne5 Rxb2 29. Nxc4 Rc2 30. Re3 Ra1+ 31. Kg2 Rac1 32. Re8+ Kg7 33. Ne5 Rxc3 34. Re7 R3c2 35. Rxf7+ Kg8 36. Rc7 h5 37. Nd7 Rd1 38. Nf6+ Kf8 39. Nxh5 Rdd2 40. h4 Rxf2+ 41. Kh3 Rf7 42. Rc8+ Ke7 43. Nf4 Kd6 44. h5 Rd2 45. Kg4 Rg7+ 46. Kf3 Rxd4 47. h6 Rh7 48. Rd8+ Ke5 49. Re8+ Kd6 50. Rd8+ Ke5 51. Re8+ Kd6 52. Re6+ Kd7 53. Rg6 Ke7 54. Rxc6 Rd6 55. Ng6+ Kd7 56. Ne5+ Ke6 57. Rxd6+ Kxd6 58. Kf4 Ke6 59. Ng4 Ra7 60. Kg5 Kf7 61. Ne3 Kg8 62. g4 Kh7 63. Kh5 Ra3 64. Nf5 Ra5 65. Kg5 1/2-1/2

[Event "FIDE World Cup"]
[Site "Krasnaya Polyana"]
[Date "2021.08.03"]
[Round "7.3"]
[White "Duda, Jan Krzysztof"]
[Black "Carlsen, Magnus"]
[Result "1/2-1/2"]
[WhiteElo "2738"]
[BlackElo "2847"]
[PlyCount "66"]
[EventDate "2021.07.12"]
[EventType "k.o."]
[EventRounds "8"]
[EventCountry "RUS"]
[SourceTitle "CBM 203"]
[Source "ChessBase"]
[SourceDate "2021.08.31"]
[SourceVersion "1"]
[SourceVersionDate "2021.08.31"]
[SourceQuality "1"]

1. e4 e5 2. Nf3 Nc6 3. Bb5 Nf6 4. d3 d6 5. c3 a6 6. Ba4 g6 7. O-O Bg7 8. Re1 O-O 9. h3 Nb8 10. Nbd2 Nbd7 11. Bc2 b5 12. a4 Bb7 13. b4 c5 14. bxc5 $146 ({RR} 14. Bb2 Re8 15. bxc5 Nxc5 16. axb5 axb5 17. Rxa8 Qxa8 18. Qa1 d5 19. exd5 Nxd5 20. Ne4 Nxe4 21. dxe4 Nb6 22. Ba3 Nc4 {½-½ (22) Brkic,A (2602)-Sedlak,N (2472) Deggendorf GER 2023}) 14... Nxc5 15. axb5 axb5 16. Ba3 Re8 17. Qb1 Bc6 18. d4 exd4 19. cxd4 b4 20. Bb2 b3 21. dxc5 bxc2 22. Qxc2 dxc5 23. Ne5 Ba4 24. Rxa4 Rxa4 25. Qxa4 Qxd2 26. Qa1 Nh5 27. Bc3 Qc2 28. Qa7 Qb3 29. Qxc5 Nf4 30. Re3 Qd1+ 31. Re1 Qb3 32. Re3 Qd1+ 33. Re1 Qb3 1/2-1/2